|
|
|
|
| LEADER |
00000nas a2200000 a 4500 |
| 001 |
ssj0001073582 |
| 003 |
WaSeSS |
| 005 |
20200512172242.0 |
| 006 |
m d |
| 007 |
cr n |
| 008 |
920507c19869999io qr p s f0 0ind c |
| 010 |
|
|
|a 92940535
|z sn 92019285
|
| 022 |
|
|
|l 0215-2487
|y 2085-8272
|
| 035 |
|
|
|a (WaSeSS)ssj0001073582
|
| 040 |
|
|
|a COO
|b eng
|c NST
|d DLC
|d WAU
|d DLC
|d WAU
|d OCLCQ
|d OCL
|d OCLCQ
|d OCLCA
|d OCLCF
|d DLC
|d OCLCO
|d CUS
|d OCLCA
|d RDF
|d WaSeSS
|
| 042 |
|
|
|a pcc
|
| 043 |
|
|
|a a-io---
|
| 050 |
0 |
0 |
|a HB9
|b .J87
|
| 245 |
0 |
0 |
|a Jurnal ekonomi dan bisnis Indonesia
|h [electronic resource].
|
| 246 |
1 |
|
|i Issues for <Apr. 2003-> also have title:
|a Journal of Indonesian economy & business
|
| 246 |
3 |
0 |
|a Ekonomi dan bisnis Indonesia
|
| 246 |
3 |
|
|a Jurnal ekonomi & bisnis Indonesia
|
| 260 |
|
|
|a Yogyakarta :
|b Fakultas Ekonomi, Universitas Gadjah Mada
|
| 310 |
|
|
|a Quarterly,
|b <1999->
|
| 321 |
|
|
|a Two no. a year,
|b <Sept. 1986-1992>
|
| 362 |
1 |
|
|a Began with: Th. 1, no. 1 (Sept. 1986).
|
| 506 |
|
|
|a License restrictions may limit access.
|
| 588 |
|
|
|a Description based on: Th. 3, no. 1, published in 1988; title from cover.
|
| 588 |
|
|
|a Latest issue consulted: Vol. 18, no. 2 (Apr. 2003).
|
| 650 |
|
0 |
|a Economics
|v Periodicals.
|
| 650 |
|
7 |
|a Economic history.
|2 fast
|0 (OCoLC)fst00901974
|
| 650 |
|
7 |
|a Economic policy.
|2 fast
|0 (OCoLC)fst00902025
|
| 650 |
|
7 |
|a Economics.
|2 fast
|0 (OCoLC)fst00902116
|
| 651 |
|
0 |
|a Indonesia
|x Economic conditions
|v Periodicals.
|
| 651 |
|
0 |
|a Indonesia
|x Economic policy
|v Periodicals.
|
| 651 |
|
7 |
|a Indonesia.
|2 fast
|0 (OCoLC)fst01209242
|
| 655 |
|
0 |
|a Electronic journals.
|
| 710 |
2 |
|
|a Universitas Gadjah Mada.
|b Fakultas Ekonomi.
|
| 850 |
|
|
|a DLC
|a NIC
|a WaU
|
| 856 |
4 |
0 |
|z Full text available from Research Library: 09/01/2012 to present
|u https://search.proquest.com/publication/2029354
|